000 00918cam a2200289Ia 4500
001 86575
005 20230410132903.0
008 991209s1944 ag b 000 0 spa d
035 _a(OCoLC)ocm42966323
040 _aDQ$
_bspa
_cDQ$
_dOCLCQ
_dDIBAM
_dTBS
035 _a(OCoLC)42966323
050 1 4 _aB PQ 2613
_bG453M 1944
049 _aGRAL
100 1 _aMann, Klaus,
_d1906-1949.
245 1 0 _aAndré Gide y la crisis del pensamiento moderno /
_cKlaus Mann ; tr. León Mirlas.
260 _aBuenos Aires :
_bPoseidón,
_c1944.
300 _axii, 340 p. ;
_c21 cm.
490 0 _aBiografías de ayer y hoy.
500 _aTít. orig. : André Gide and the crisis of modern thought.
504 _aBibliografía.
600 1 0 _aGide, André,
_d1869-1951.
600 1 0 _aGide, André,
_d1869-1951
_xBiography
600 1 7 _aGIDE, ANDRE,
_d1869-1951.
_2renib
942 _2lcc
_cbk
994 _aC0
_bDRFGD
946 _aJP
999 _c89598
_d89598